[Plasencia (Record no. 85818)

MARC details
000 -LEADER
campo de control de longitud fija 02026nkc a22002897a 4500
001 - NÚMERO DE CONTROL
campo de control 85818
005 - FECHA Y HORA DE LA ÚLTIMA TRANSACCIÓN
campo de control 20260429094913.0
007 - CAMPO FIJO DE DESCRIPCIÓN FÍSICA--INFORMACIÓN GENERAL
campo de control de longitud fija kh boc
008 - DATOS DE LONGITUD FIJA--INFORMACIÓN GENERAL
campo de control de longitud fija 260420s1895 sp ||||| |||| |0| i|spa d
040 ## - FUENTE DE CATALOGACIÓN
Centro catalogador/agencia de origen M-RABA
Lengua de catalogación spa
Centro/agencia transcriptor M-RABA
245 01 - MENCIÓN DEL TÍTULO
Título [Plasencia
Resto del título : vistas de monumentos]
Medio [Material gráfico]
260 ## - PUBLICACIÓN, DISTRIBUCIÓN, ETC.
Fecha de publicación, distribución, etc. 1895
300 ## - DESCRIPCIÓN FÍSICA
Extensión 3 fotografías
Otras características físicas : aristotipo
Dimensiones ; imagen 11 x 8 cm
-- ; soporte secundario 19 x 16 cm
500 00 - NOTA GENERAL
Nota general Conjunto de tres fotografías que representan diferentes vistas de monumentos en Plasencia (Cáceres).
500 00 - NOTA GENERAL
Nota general Nota manuscrita a tinta en el verso del soporte secundario que indica la ubicación y fecha:<br/>Fot-676: "Plasencia. Puerta de la Catedral. Noviembre 1895" -- Fot-677: "Plasencia. Coro de la Catedral. Noviembre 1895" -- Fot-678: "Plasencia. El Acueducto. Noviembre 1895".
610 27 - PUNTO DE ACCESO ADICIONAL DE MATERIA--NOMBRE DE ENTIDAD CORPORATIVA
Nombre de entidad corporativa o nombre de jurisdicción como elemento de entrada Catedral de Plasencia (Cáceres, España)
9 (RLIN) 4868
651 #7 - PUNTO DE ACCESO ADICIONAL DE MATERIA--NOMBRE GEOGRÁFICO
Nombre geográfico Plasencia (Cáceres, España)
9 (RLIN) 75358
655 #0 - TERMINO DE INDIZACIÓN--GENERO/FORMA
Datos o término principal de género/forma Fotografías de monumentos
9 (RLIN) 111580
852 ## - LOCALIZACIÓN
Número de control de estantería Fot-676; Fot-677; Fot-678
856 ## - LOCALIZACIÓN Y ACCESO ELECTRÓNICOS
Identificador Uniforme de Recurso <a href="https://archivoybiblioteca.realacademiabellasartessanfernando.com/cgi-bin/koha/opac-retrieve-file.pl?id=e31eb88416a53839327594992d248206">https://archivoybiblioteca.realacademiabellasartessanfernando.com/cgi-bin/koha/opac-retrieve-file.pl?id=e31eb88416a53839327594992d248206</a>
Texto de enlace Fot-676r
856 ## - LOCALIZACIÓN Y ACCESO ELECTRÓNICOS
Identificador Uniforme de Recurso <a href="https://archivoybiblioteca.realacademiabellasartessanfernando.com/cgi-bin/koha/opac-retrieve-file.pl?id=d35b6178b8c798c409e5c81610d8baf8">https://archivoybiblioteca.realacademiabellasartessanfernando.com/cgi-bin/koha/opac-retrieve-file.pl?id=d35b6178b8c798c409e5c81610d8baf8</a>
Texto de enlace Fot-676v
856 ## - LOCALIZACIÓN Y ACCESO ELECTRÓNICOS
Identificador Uniforme de Recurso <a href="https://archivoybiblioteca.realacademiabellasartessanfernando.com/cgi-bin/koha/opac-retrieve-file.pl?id=b6a118f98a7d2fe08e8ad5d698c037de">https://archivoybiblioteca.realacademiabellasartessanfernando.com/cgi-bin/koha/opac-retrieve-file.pl?id=b6a118f98a7d2fe08e8ad5d698c037de</a>
Texto de enlace Fot-677r
856 ## - LOCALIZACIÓN Y ACCESO ELECTRÓNICOS
Identificador Uniforme de Recurso <a href="https://archivoybiblioteca.realacademiabellasartessanfernando.com/cgi-bin/koha/opac-retrieve-file.pl?id=7d23a6d518ea4fd41b1a46d13d6e4b0e">https://archivoybiblioteca.realacademiabellasartessanfernando.com/cgi-bin/koha/opac-retrieve-file.pl?id=7d23a6d518ea4fd41b1a46d13d6e4b0e</a>
Texto de enlace Fot-677v
856 ## - LOCALIZACIÓN Y ACCESO ELECTRÓNICOS
Identificador Uniforme de Recurso <a href="https://archivoybiblioteca.realacademiabellasartessanfernando.com/cgi-bin/koha/opac-retrieve-file.pl?id=553171741f069f1a2dbdedd7239f3441">https://archivoybiblioteca.realacademiabellasartessanfernando.com/cgi-bin/koha/opac-retrieve-file.pl?id=553171741f069f1a2dbdedd7239f3441</a>
Texto de enlace Fot-678r
856 ## - LOCALIZACIÓN Y ACCESO ELECTRÓNICOS
Identificador Uniforme de Recurso <a href="https://archivoybiblioteca.realacademiabellasartessanfernando.com/cgi-bin/koha/opac-retrieve-file.pl?id=d24fb46a8081ac297f28702f72c15a16">https://archivoybiblioteca.realacademiabellasartessanfernando.com/cgi-bin/koha/opac-retrieve-file.pl?id=d24fb46a8081ac297f28702f72c15a16</a>
Texto de enlace Fot-678v
942 ## - ELEMENTOS DE ENTRADA SECUNDARIOS (KOHA)
Tipo de ítem Koha Fotografías
Suprimir en OPAC No
Holdings
Estatus retirado Estado de pérdida Fuente de la clasificación o esquema de estantería Estado de daño No para préstamo Colección Biblioteca de origen Biblioteca actual Ubicación en estantería Fecha de adquisición Total de préstamos Signatura topográfica completa Código de barras Visto por última vez Precio de reemplazo Tipo de ítem Koha
    Clasificación Decimal Dewey     Fotografía Real Academia de la Bellas Artes de San Fernando Real Academia de la Bellas Artes de San Fernando Depósito 2 20/04/2026   Fot-676 1096957 20/04/2026 20/04/2026 Fotografías
    Clasificación Decimal Dewey     Fotografía Real Academia de la Bellas Artes de San Fernando Real Academia de la Bellas Artes de San Fernando Depósito 2 20/04/2026   Fot-677 1096958 20/04/2026 20/04/2026 Fotografías
    Clasificación Decimal Dewey     Fotografía Real Academia de la Bellas Artes de San Fernando Real Academia de la Bellas Artes de San Fernando Depósito 2 20/04/2026   Fot-678 1096959 20/04/2026 20/04/2026 Fotografías

Powered by Koha